{"text_format":"3","workbook":"xlsx","n_sheets":1,"sheets":["IT备品备件"],"not_rendered":{"defined_names":1},"read":"whole","date_system":"1900"}

{"sheet":"IT备品备件","index":0,"n_rows":22,"n_cols":11,"rows_kept":22,"merged":[[0,0,0,10],[21,4,21,5],[21,8,21,9]]}
["2021年临江公司三固项目IT备品备件采购计划清单"]
["序号","名称","品牌","型号","单位","数量","单价","金额","最高限价","限额","备注"]
[1,"高清半球网络摄像机","海康威视","DS-2CD232FCJD-I","只",5,null,null,1000,{"$f":"F3*I3","v":5000}]
[2,"高清网络枪机","海康威视","DS-2CD2T2FJCD-I3","只",6,null,null,3500,{"$f":"F4*I4","v":21000}]
[3,"网络高清球机","海康威视","DS-2DC4223IW-D","只",5,null,null,5000,25000]
[4,"门禁卡","Realand","IC卡","张",400,null,null,10,4000]
[5,"SATA硬盘（4T）","希捷","ST4000VM000","台",5,null,null,1500,7500]
[6,"8口交换机","H3C","S1208V ","台",5,null,null,2000,10000]
[7,"光模块","H3C","SFP-GE-LX-SM1310-D","个",20,null,null,1200,24000]
[8,"光纤收发器","D-link","百兆","对",5,null,null,1200,6000]
[9,"电源","明纬","12V 15A","只",10,null,null,200,2000]
[10,"网络线","绿联","六类线缆","米",1800,null,null,10,18000]
[11,"HDMI数据线","山泽","5米一根","根",5,null,null,100,500]
[12,"VGA数据线","绿联","5米一根","根",5,null,null,100,500]
[13,"网络工具套装","Ailikex","包括寻线仪，测线仪，网线钳，螺丝刀套装","套",2,null,null,1000,{"$f":"F15*I15","v":2000},"参考京东商品编号62747716213"]
[14,"水晶头","TP-Link","一盒100个","盒",10,null,null,150,1500]
[15,"PDU","公牛","GNE-108T","个",10,null,null,200,2000]
[16,"防雷器","雷尔盾","LDY-COM监控三合一防雷","个",10,null,null,350,3500]
[17,"隔离栅","北大青鸟","JTY-GD-JBF","个",10,null,null,600,6000]
[18,"网线标签纸","大棠","一盒300贴","盒",5,null,null,150,750]
[]
[{"$nulls":4},"合计",{"$nulls":3},{"$f":"SUM(J3:J21)","v":139250}]